Régimen público de aguas

Saved in:
Bibliografiske detaljer
Hovedforfatter: Celume Byrne, Tatiana (Author)
Format: Bog
Sprog:spansk
Udgivet: Santiago Legal Publishing 2013
Fag:
Tags: Tilføj Tag
Ingen Tags, Vær først til at tagge denne postø!

MARC

LEADER 00000cam a2200000 a 4500
001 UCF6146
003 CL-VaPUC
008 130411e20130100CL |||||||||||||||||spa|d
020 |a 9789563462951 
082 0 4 |a 346.04691  |b CEL  |2 21 
100 0 |a Celume Byrne, Tatiana  |e author  |9 568187 
245 1 0 |a Régimen público de aguas 
300 |a 390 p 
942 |c BK 
945 |d 20130411 00:00:00  |a dcastane 
260 |a Santiago  |b Legal Publishing  |c 2013 
650 0 |a Derecho de aguas  |9 257148 
650 0 |a Aprovechamiento de aguas  |9 368432 
650 0 |a Aguas subterráneas  |9 260378 
583 |a last modification  |c 20130411 10:22:00  |k Rodrigo Vera 
999 |c 351465  |d 351463 
952 |0 0  |1 0  |4 0  |6 346_046910000000000_CEL_2013  |7 0  |8 A  |9 455598  |a BIBDER  |b BIBDER  |d 2019-11-22  |i 4963962  |l 11  |m 1  |o 346.04691 CEL 2013  |p 4963962  |r 2024-06-24  |s 2024-06-24  |w 2019-11-22  |y BK  |k DER